000 00775nam a2200241 a 4500
001 BRCA_4266
005 20190320204615.0
008 150610s1946----sp-a###f##---#001-1#spa-#
041 _aspa
044 _asp
050 4 _aN7628.C4
_b.G58 1
_c1946
100 1 _aGivanel Mas y Gaziel, Juan
_910998
245 1 0 _aHistoria gráfica de Cervantes y del Quijote
_cpor Juan Givanel Mas y Gaziel.
260 _aMadrid, España
_bPlus-Ultra
_c1946
300 _a576 p.
_bil. (algunas a color), 321 láminas
_c27 cm.
500 _aIncluye índice onomástico
500 _aEjemplar igual a R60
500 _aAM79
504 _aBibliografía: p. 567-570
600 1 4 _aCervantes Saavedra, Miguel de
_d1547-1616
_tDon Quijote
_vIlustraciones
_910999
902 _aGFM
942 _2lcc
_cB
999 _c3977
_d3977